Statistics for Top 10 most developed countries in Africa

Click here to take the quiz!

General Stats

  • This quiz has been taken 1,152 times
    (839 since last reset)
  • The average score is 8 of 10

Answer Stats

HDI Country % Correct
0.658South Africa
99%
0.682Egypt
97%
0.717Algeria
91%
0.721Tunisia
90%
0.784Libya
80%
0.756Seychelles
65%
0.683Botswana
62%
0.771Mauritius
61%
0.636Cape Verde
60%
0.674Gabon
47%

Score Distribution

Percentile by Number Answered

Percent of People with Each Score

Your Score History

You have not taken this quiz since the last reset